|
|
|
|
| LEADER |
01296nam a2200325 a 4500 |
| 001 |
14706012 |
| 003 |
BD-DhAAL |
| 005 |
20250713104052.0 |
| 008 |
091113s2007 cauab b 000 0 eng d |
| 010 |
|
|
|a 2007002178
|
| 020 |
|
|
|a 9788178299167
|
| 020 |
|
|
|a 9781412950176 (pbk.)
|
| 020 |
|
|
|a 1412950171 (pbk.)
|
| 040 |
|
|
|a DLC
|c DLC
|d BAKER
|d BTCTA
|d C#P
|d YDXCP
|d DLC
|d BD-DhAAL
|
| 082 |
0 |
0 |
|a 658.4/092
|2 22
|
| 100 |
1 |
|
|a Rowe, W. Glenn.
|9 58720
|
| 245 |
0 |
0 |
|a Cases in leadership /
|c W. Glenn Rowe.
|
| 260 |
|
|
|a Thousand Oaks ;
|a New Delhi :
|b SAGE Publications,
|c 2009.
|
| 300 |
|
|
|a x, 421 pages :
|b ill., maps ;
|c 24 cm.
|
| 490 |
0 |
|
|a The Ivey casebook series
|
| 504 |
|
|
|a Includes bibliographical references.
|
| 526 |
|
|
|x Requisitioned by Faculties of BBS
Course name and no : N/A
|
| 541 |
1 |
|
|a Karim International
|e 00019578
|
| 650 |
|
0 |
|a Leadership
|v Case studies.
|
| 650 |
|
0 |
|a Management
|v Case studies.
|
| 650 |
|
0 |
|a Management.
|
| 852 |
4 |
|
|a Ayesha Abed Library
|j General Shelf
|
| 942 |
|
|
|2 ddc
|c BK
|
| 999 |
|
|
|c 5470
|d 5470
|
| 952 |
|
|
|0 0
|1 0
|2 ddc
|4 0
|6 658_409200000000000_ROW
|7 0
|9 5338
|a BRACUL
|b BRACUL
|c GEN
|d 2009-11-11
|e Karim Interantional
|g 534.00
|l 4
|m 9
|o 658.4092 ROW
|p 3010019578
|r 2011-12-18
|s 2011-09-12
|t 1
|w 2009-11-12
|y BK
|x Requisitioned by Faculties of BBS. Course name and no. "not available".
|